| 000 | 00861nam a2200229Ii 4500 | ||
|---|---|---|---|
| 003 | JO-AjNU | ||
| 008 | 230605s9999||||xx |||||||||||||| ||und|| | ||
| 017 | _a2008/11/4000 | ||
| 020 | _a978-9957-24-461-3 | ||
| 040 |
_aJO-AjNU _bara _erda _cJO-AjNU |
||
| 041 | _aara | ||
| 050 | 1 | 4 | _aHF5415.Z82.2009 |
| 100 | 3 |
_aالزعبي، علي فلاح, _eauthor _947795 |
|
| 245 | 0 | 0 | _aادارة الترويج والاتصالات التسويقية(مدخل تطبيقي-استراتيجي) |
| 250 | _aط1 | ||
| 264 | 3 | 1 | _aعمان:دار صفاء للنشر والتوزيع؛2009 |
| 300 |
_a392ص _bيحتوي على ملاحق من ص 363-384،ببلوغرافية من ص385-392 |
||
| 336 |
_atext _btxt _2rdacontent |
||
| 337 |
_aunmediated _bn _2rdamedia |
||
| 338 |
_avolume _bnc _2rdacarrier |
||
| 650 | 4 |
_aالتسويق -ادارة مبيعات _947796 |
|
| 999 |
_aA20889 _c24457 _d24457 |
||